| Поле | Название | Значение |
| |
Тип записи |
a |
| |
Библиографический уровень |
m |
| 001 |
Контрольный номер |
RU/SLIB/B/208747183 |
| 005 |
Дата корректировки |
20201206204117.4 |
| 010 |
Индекс ISBN |
__ |
| a |
ISBN |
5-8183-0191-5 |
| d |
Цена |
117-48 |
| 101 |
Язык документа |
1_ |
| a |
Язык текста |
rus |
| c |
Язык оригинала |
eng |
| 200 |
Заглавие и сведения об ответственности |
1_ |
| a |
Заглавие |
Витамины, травы, минералы и пищевые добавки |
| e |
Сведения, относящиеся к заглавию |
справочник |
| f |
Первые сведения об ответственности |
В. Гриффит ; пер. с англ. К. Ткаченко |
| b |
Общее обозначение материала |
Текст |
| 210 |
Выходные данные |
__ |
| a |
Место издания |
М. |
| c |
Издательство |
ФАИР-ПРЕСС |
| d |
Дата издания |
2002 |
| 215 |
Физическое описание |
__ |
| a |
Объем |
1056 с. |
| 225 |
Серия |
__ |
| a |
Серия |
Популярная медицина |
| 330 |
Аннотация |
__ |
| a |
Аннотация |
Справочник основан на современных научных данных по лекарственным растениям, витаминам и пищевым добавкам. В доступной и наглядной форме здесь содержится все, что следует знать о правильном и безопасном применении этих средств, а также о взаимодействии их друг с другом. |
| 606 |
Тематические рубрики |
__ |
| a |
Основная рубрика |
Здравоохранение. Медицинские науки |
| a |
Основная рубрика |
Общая терапия |
| a |
Основная рубрика |
Фармакология |
| 610 |
Ключевые слова |
__ |
| a |
Ключевые слова |
лекарства; лекарственные сборы; лекарственные травы; минералы; пищевые добавки; витамины |
| 686 |
Индексы других классификаций |
__ |
| a |
Классификационный индекс |
52.817я22 |
| 686 |
Индексы других классификаций |
__ |
| a |
Классификационный индекс |
53.52я2 |
| 700 |
Автор |
_1 |
| a |
Фамилия |
Гриффит |
| b |
Имя |
В. |
| 4 |
Код отношения |
070 |
| 702 |
Вторичная интеллектуальная ответственность |
_1 |
| a |
Фамилия |
Ткаченко |
| b |
Имя |
К. |
| 4 |
Код отношения |
Переводчик |
| 4 |
Код отношения |
730 |
| 801 |
Источник записи |
_0 |
| a |
Страна |
RU |
| b |
Организация |
Муниципальное бюджетное учреждение культуры "Централизованная библиотечная система" г. Сургут (Центральная городская библиотека им. А. С. Пушкина) |
| g |
Правила каталогизации |
КиК/Гришунина |
| 801 |
Источник записи |
_1 |
| a |
Страна |
RU |
| b |
Организация |
Муниципальное бюджетное учреждение культуры "Централизованная библиотечная система" г. Сургут (Центральная городская библиотека им. А. С. Пушкина) |
| g |
Правила каталогизации |
КиК/Гришунина |
| 852 |
Данные о местонахождении |
__ |
| j |
Шифр хранения |
52.817я22 |
| c |
Каталожный индекс |
52.81я2; 53.52я2 |
| i |
Авторский знак |
Г 85 |
| p |
Инвентарный номер |
03110755; 03110756 |
| 901 |
Тип документа |
__ |
| t |
Тип документа |
m |
| 903 |
Характеристики (МАРС) |
__ |
| a |
Дата передачи |
20031113 |
| 990 |
Данные о заказе (DOS) |
__ |
| j |
Количество экземпляров (DOS) |
2 |
| t |
N записи в КСУ для И/У (DOS) |
200311 |